[Event "DVM U20 2019"]
[Site "Braunschweig"]
[Date "2019.12.30"]
[Round "7"]
[White "Triantafillidis, Simeon"]
[Black "Hennemann, Florian"]
[Result "1/2-1/2"]
[WhiteElo "1931"]
[BlackElo "1865"]
[Annotator "NA"]
[PlyCount "90"]
[EventDate "2019.12.27"]
[EventType "team-tourn"]
[EventRounds "7"]
[EventCountry "GER"]
[SourceTitle "playchess.com"]
[Source "ChessBase"]
[SourceQuality "1"]
[WhiteTeam "SF HN-Biberach"]
[BlackTeam "Sges Bensheim"]
[TimeControl "40/5400+30:1800+30"]

1. e4 {[%emt 0:00:00]} c5 {[%emt 0:00:00]} 2. Nf3 {[%emt 0:00:00]} d6 {[%emt 0:00:00]} 3. d4 {[%emt 0:00:00]} cxd4 {[%emt 0:00:00]} 4. Nxd4 {[%emt 0:00:00]} Nf6 {[%emt 0:00:00]} 5. Nc3 {[%emt 0:00:00]} a6 {[%emt 0:00:00]} 6. Bg5 {[%emt 0:00:07]} e6 {[%emt 0:00:00] unterminated} 7. f4 {[%emt 0:00:17]} Be7 {[%emt 0:00:00]} 8. Qf3 {[%emt 0:00:18]} Nc6 {[%emt 0:04:28]} 9. O-O-O {[%emt 0:00:55]} Qb6 {[%emt 0:01:03]} 10. Nxc6 {[%emt 0:01:21]} Qxc6 {[%emt 0:05:53]} 11. Qg3 {[%emt 0:02:22] B98: Sicilian Najdorf: 6 Bg5 e6 7 f4 Be7, sidelines} h6 {[%emt 0:12:28]} 12. Bxf6 {[%emt 0:05:13]} Bxf6 {[%emt 0:00:07]} 13. e5 {[%emt 0:00:53]} dxe5 {[%emt 0:00:06]} 14. fxe5 {[%emt 0:00:10]} Bg5+ {[%emt 0:00:27]} 15. Kb1 {[%emt 0:00:05]} O-O {[%emt 0:00:43]} 16. Be2 {[%emt 0:03:11]} Bd7 {[%emt 0:02:23] [#]} 17. Bf3 $146 {[%emt 0:04:57]} ({Predecessor:} 17. Rd6 Qc7 18. Ne4 Bb5 19. Nxg5 {½-½ (19) Izoria,Z (2583)-Corrales Jimenez,F (2601) Philadelphia 2013}) 17... Qc7 {[%emt 0:00:05]} 18. Ne4 {[%emt 0:00:06]} Be7 {[%emt 0:01:04]} 19. Rxd7 {[%emt 0:25:50]} Qxd7 {[%emt 0:02:00]} 20. Nf6+ {[%emt 0:00:09]} Bxf6 {[%emt 0:00:08]} 21. exf6 {[%emt 0:00:01] unterminated} g6 {[%emt 0:07:52] unterminated} 22. Rd1 {[%emt 0:03:48] unterminated} Qb5 $19 {[%emt 0:00:59]} 23. h4 {[%emt 0:02:57]} Qf5 {[%emt 0:09:23]} 24. Bxb7 {[%emt 0:03:01]} Rab8 {[%emt 0:01:41]} 25. Bxa6 {[%emt 0:04:42]} Qxf6 {[%emt 0:00:04]} 26. c3 {[%emt 0:01:37]} Rb6 {[%emt 0:03:05]} 27. Bc4 {[%emt 0:01:54]} Rfb8 {[%emt 0:05:04]} 28. Bb3 {[%emt 0:01:30]} Qf5+ {[%emt 0:00:21]} 29. Qd3 {[%emt 0:02:53]} Qg4 {[%emt 0:00:06]} 30. g3 {[%emt 0:01:30]} Rb5 {[%emt 0:07:03]} 31. Rf1 {[%emt 0:05:28]} R8b7 {[%emt 0:04:01]} 32. Rf4 {[%emt 0:08:54]} Qh3 {[%emt 0:01:14]} 33. Qf3 {[%emt 0:06:21]} Re7 {[%emt 0:04:42]} 34. Bc2 {[%emt 0:08:08]} f5 {[%emt 0:05:51]} 35. Bb3 {[%emt 0:05:28]} Rb8 {[%emt 0:03:00]} 36. Rd4 {[%emt 0:00:30]} Kg7 {[%emt 0:00:52]} 37. Qd3 {[%emt 0:01:15]} Qh1+ {[%emt 0:01:53]} 38. Kc2 {[%emt 0:00:35]} Qg2+ {[%emt 0:02:44]} 39. Kb1 {[%emt 0:00:49]} Qb7 {[%emt 0:00:42]} 40. Rd6 {[%emt 0:01:41]} Rbe8 {[%emt 0:02:12]} 41. Ba4 {[%emt 0:01:13]} Rf8 {[%emt 0:01:03]} 42. Bb3 {[%emt 0:02:34]} e5 {[%emt 0:01:09]} 43. Rd8 {[%emt 0:00:34]} Qh1+ {[%emt 0:06:50]} 44. Kc2 {[%emt 0:00:44]} Qg2+ {[%emt 0:00:17]} 45. Kb1 {[%emt 0:01:49]} Qh1+ {[%emt 0:00:23] normal} 1/2-1/2

[Event "DVM U20 2019"]
[Site "Braunschweig"]
[Date "2019.12.30"]
[Round "7"]
[White "Dornieden, Jonas"]
[Black "Meyling, Lennart"]
[Result "1-0"]
[WhiteElo "1912"]
[BlackElo "1955"]
[Annotator "NA"]
[PlyCount "119"]
[EventDate "2019.12.27"]
[EventType "team-tourn"]
[EventRounds "7"]
[EventCountry "GER"]
[SourceTitle "playchess.com"]
[Source "ChessBase"]
[SourceQuality "1"]
[WhiteTeam "SK Lehrte 1919"]
[BlackTeam "Hamburger SK"]
[TimeControl "40/5400+30:1800+30"]

1. d4 {[%emt 0:00:00]} d5 {[%emt 0:00:00]} 2. c4 {[%emt 0:00:00]} e6 {[%emt 0:00:00]} 3. Nc3 {[%emt 0:00:00]} Nf6 {[%emt 0:00:00]} 4. cxd5 {[%emt 0:00:00]} exd5 {[%emt 0:00:02]} 5. Bg5 {[%emt 0:00:00]} Be7 {[%emt 0:00:07]} 6. e3 {[%emt 0:00:05]} c6 {[%emt 0:00:09]} 7. Bd3 {[%emt 0:00:19]} Nbd7 {[%emt 0:00:13] unterminated} 8. Nf3 {[%emt 0:01:21]} O-O {[%emt 0:00:12]} 9. O-O {[%emt 0:00:24] unterminated} Re8 {[%emt 0:01:20]} 10. Qc2 {[%emt 0:01:38]} Nf8 {[%emt 0:00:09]} 11. h3 {[%emt 0:01:59]} Ne4 {[%emt 0:02:20] unterminated} 12. Bxe7 {[%emt 0:05:45] D36: Queen's Gambit Declined: Exchange Variation: Main line (5 Bg5 c6 6 Qc2)} Qxe7 {[%emt 0:00:34] unterminated} 13. Rab1 {[%emt 0:07:52]} (13. Bxe4 dxe4 14. Nd2 f5 15. Nc4 Ng6 16. f4 exf3 17. Rxf3 Be6 18. Qd3 Rad8 19. Rf2 Kh8 20. Nd2 c5 21. Nf3 a6 22. Rd1 {1-0 (85) Sarana,A (2618)-Short,N (2646) Moscow 2018}) 13... a5 {[%emt 0:04:50] unterminated} 14. Na4 {[%emt 0:10:05] unterminated} Qc7 {[%emt 0:04:42] unterminated} 15. a3 {[%emt 0:05:01] unterminated} f5 $146 {[%emt 0:06:37] unterminated} ({Predecessor:} 15... Bf5 16. Nh4 Bg6 17. Nxg6 Nxg6 18. b4 axb4 19. Rxb4 Qa5 20. Bxe4 dxe4 {1-0 (73) Nazarenus,M (2110)-Wolter,J (1817) Baunatal 2002}) 16. Ne5 {[%emt 0:05:59] unterminated} Nd7 {[%emt 0:04:58] unterminated} 17. f4 {[%emt 0:03:05] unterminated} Rb8 {[%emt 0:07:12] unterminated} 18. Bxe4 {[%emt 0:02:53] unterminated} fxe4 {[%emt 0:01:16] unterminated} 19. Nc3 {[%emt 0:09:11] unterminated} Qd8 {[%emt 0:03:08] unterminated} 20. Qf2 {[%emt 0:11:27] unterminated} Rf8 $14 {[%emt 0:04:04]} 21. Qg3 {[%emt 0:01:58] unterminated} Rf6 {[%emt 0:02:17] unterminated} 22. Ng4 {[%emt 0:06:48] unterminated} Rd6 {[%emt 0:03:18]} (22... Rf8 $1 $14) 23. f5 {[%emt 0:02:07]} Nf6 {[%emt 0:00:50]} 24. Qe5 {[%emt 0:05:28]} Qf8 {[%emt 0:02:03]} 25. Nxf6+ {[%emt 0:05:41]} gxf6 {[%emt 0:00:49]} 26. Qg3+ {[%emt 0:00:54]} Kh8 {[%emt 0:01:44]} 27. Rf4 {[%emt 0:02:08]} b6 {[%emt 0:01:39]} 28. Rbf1 {[%emt 0:02:38]} Rb7 {[%emt 0:01:11]} 29. Rg4 Rdd7 {[%emt 0:03:06]} 30. Qh4 {[%emt 0:04:24]} Rg7 {[%emt 0:04:00]} 31. Rg6 {[%emt 0:01:04]} Rbf7 {[%emt 0:01:12]} 32. Na4 {[%emt 0:04:00]} Qd8 {[%emt 0:00:21]} 33. g4 {[%emt 0:01:04]} Kg8 {[%emt 0:01:57]} 34. Rxg7+ {[%emt 0:00:09]} Rxg7 {[%emt 0:00:08]} 35. Qg3 {[%emt 0:01:09]} Ba6 {[%emt 0:02:23]} 36. Rc1 {[%emt 0:00:12]} Bb5 {[%emt 0:00:23]} 37. Nc3 {[%emt 0:00:16]} Bc4 {[%emt 0:00:25]} 38. Nxe4 {[%emt 0:00:20]} Bd3 {[%emt 0:03:33]} 39. Nf2 {[%emt 0:00:55]} Bxf5 {[%emt 0:00:11]} 40. Rxc6 {[%emt 0:00:09]} h5 {[%emt 0:02:26]} 41. Qd6 {[%emt 0:11:52]} Qxd6 {[%emt 0:00:37]} 42. Rxd6 {[%emt 0:00:12]} hxg4 {[%emt 0:03:00]} 43. hxg4 {[%emt 0:00:31]} Bb1 {[%emt 0:04:22]} 44. Rxf6 {[%emt 0:09:36]} Re7 {[%emt 0:02:42]} 45. Rxb6 {[%emt 0:01:37]} Rxe3 {[%emt 0:00:09]} 46. Rb5 {[%emt 0:00:54]} Ba2 {[%emt 0:00:15]} 47. Rxa5 {[%emt 0:01:00]} Rb3 {[%emt 0:01:20]} 48. Rxd5 {[%emt 0:04:18]} Rxb2 {[%emt 0:00:09]} 49. Rd8+ {[%emt 0:00:42]} Kf7 {[%emt 0:00:09]} 50. Nd3 {[%emt 0:01:00]} Rb1+ {[%emt 0:01:07]} 51. Kf2 {[%emt 0:00:17]} Ke7 {[%emt 0:00:16]} 52. Ra8 {[%emt 0:00:38]} Kf6 {[%emt 0:04:03]} 53. Ne5 {[%emt 0:00:59]} Rb3 {[%emt 0:01:10]} 54. a4 {[%emt 0:00:36]} Kg5 {[%emt 0:00:35]} 55. a5 {[%emt 0:00:47]} Kf4 {[%emt 0:00:10]} 56. a6 {[%emt 0:03:09]} Rb2+ {[%emt 0:00:28]} 57. Ke1 {[%emt 0:00:54]} Ke3 {[%emt 0:01:19]} 58. Kd1 {[%emt 0:00:28]} Kxd4 {[%emt 0:01:42]} 59. a7 {[%emt 0:00:43]} Bd5 {[%emt 0:04:40]} 60. Rd8 {[%emt 0:00:06] normal} 1-0

[Event "DVM U20 2019"]
[Site "Braunschweig"]
[Date "2019.12.30"]
[Round "7"]
[White "Kaiser, Frederic"]
[Black "Eurich, Alexander"]
[Result "1/2-1/2"]
[WhiteElo "1901"]
[BlackElo "1741"]
[Annotator "NA"]
[PlyCount "89"]
[EventDate "2019.12.27"]
[EventType "team-tourn"]
[EventRounds "7"]
[EventCountry "GER"]
[SourceTitle "playchess.com"]
[Source "ChessBase"]
[SourceQuality "1"]
[WhiteTeam "Sges Bensheim"]
[BlackTeam "SF HN-Biberach"]
[TimeControl "40/5400+30:1800+30"]

1. e4 {[%emt 0:00:00]} c5 {[%emt 0:00:00]} 2. Nf3 {[%emt 0:00:00]} Nc6 {[%emt 0:00:00]} 3. Bb5 {[%emt 0:00:00]} g6 {[%emt 0:00:00] unterminated} 4. c3 {[%emt 0:00:26]} Bg7 {[%emt 0:00:34]} 5. O-O {[%emt 0:00:26] unterminated} Nf6 {[%emt 0:01:09] unterminated} 6. Re1 {[%emt 0:05:19]} O-O {[%emt 0:00:55] unterminated} 7. d4 {[%emt 0:01:26] unterminated} cxd4 {[%emt 0:01:50]} 8. cxd4 {[%emt 0:00:27] unterminated} d5 {[%emt 0:08:10] unterminated} 9. e5 {[%emt 0:02:34] unterminated} Ne8 {[%emt 0:01:16] unterminated} 10. Bxc6 {[%emt 0:03:35]} bxc6 {[%emt 0:00:18] unterminated} 11. Qc2 {[%emt 0:00:42] unterminated} Qb6 {[%emt 0:02:01] unterminated} 12. Bf4 {[%emt 0:09:49] unterminated} Nc7 {[%emt 0:06:42] unterminated} 13. Nc3 {[%emt 0:08:31] unterminated} Bf5 {[%emt 0:09:17]} 14. Qd2 {[%emt 0:00:32]} Ne6 {[%emt 0:00:34] unterminated} 15. Bg3 {[%emt 0:01:51] unterminated} a5 $11 {[%emt 0:14:00]} 16. b3 {[%emt 0:21:13]} Rfd8 {[%emt 0:09:29]} 17. Rac1 {[%emt 0:05:04]} Rac8 {[%emt 0:02:25]} 18. Na4 {[%emt 0:01:50]} Qb4 {[%emt 0:03:04]} 19. Qxb4 {[%emt 0:00:42]} axb4 {[%emt 0:00:08]} 20. Nc5 {[%emt 0:00:35]} Bh6 {[%emt 0:01:51]} 21. Nxe6 {[%emt 0:02:29]} Bxe6 {[%emt 0:00:59]} 22. Rc5 {[%emt 0:01:07]} Bd7 {[%emt 0:08:28]} 23. Bh4 {[%emt 0:01:11]} Bf8 {[%emt 0:05:08]} 24. Re2 {[%emt 0:04:20]} Re8 {[%emt 0:02:04]} 25. Ne1 {[%emt 0:01:18]} e6 {[%emt 0:01:09]} 26. Rc1 {[%emt 0:07:42]} c5 {[%emt 0:02:39]} 27. dxc5 {[%emt 0:00:17]} Rxc5 {[%emt 0:02:43]} 28. Rec2 {[%emt 0:03:11]} Rec8 {[%emt 0:02:07]} 29. Bg5 {[%emt 0:00:30]} Rxc2 {[%emt 0:05:51]} 30. Rxc2 {[%emt 0:00:01]} Ra8 {[%emt 0:00:37]} 31. f3 {[%emt 0:02:39]} Bb5 {[%emt 0:03:58]} 32. Kf2 {[%emt 0:00:07]} d4 {[%emt 0:03:49]} 33. Bd2 {[%emt 0:10:14]} d3 {[%emt 0:02:35]} 34. Rb2 {[%emt 0:00:04]} Rd8 {[%emt 0:00:27]} 35. f4 {[%emt 0:02:18]} Be7 {[%emt 0:00:39]} 36. Nf3 {[%emt 0:00:42]} f6 {[%emt 0:00:26]} 37. Be3 {[%emt 0:01:03]} Rc8 {[%emt 0:00:35]} 38. Nd4 {[%emt 0:01:46]} Ba6 {[%emt 0:00:27]} 39. Nxe6 {[%emt 0:00:58]} fxe5 {[%emt 0:00:32]} 40. fxe5 {[%emt 0:00:41]} Rc6 {[%emt 0:00:33]} 41. Nf4 {[%emt 0:09:28]} Rc8 {[%emt 0:08:18]} 42. Nd5 {[%emt 0:07:21]} Bf8 {[%emt 0:06:49]} 43. Rd2 {[%emt 0:07:10]} Kf7 {[%emt 0:02:02]} 44. Nb6 {[%emt 0:05:55] normal} Rc6 {[%emt 0:01:51] normal} 45. Nc4 {[%emt 0:02:59] normal} 1/2-1/2

[Event "DVM U20 2019"]
[Site "Braunschweig"]
[Date "2019.12.30"]
[Round "7"]
[White "Waffenschmidt, Lars"]
[Black "Poghosyan, Tigran"]
[Result "0-1"]
[WhiteElo "1885"]
[BlackElo "2302"]
[Annotator "ChessBase"]
[PlyCount "20"]
[EventDate "2019.12.27"]
[EventType "team-tourn"]
[EventRounds "7"]
[EventCountry "GER"]
[SourceTitle "playchess.com"]
[Source "ChessBase"]
[SourceQuality "1"]
[WhiteTeam "SK Bebenhausen"]
[BlackTeam "Lübecker SV"]
[TimeControl "40/5400+30:1800+30"]

1. e4 {[%emt 0:00:00]} c5 {[%emt 0:00:00]} 2. c3 {[%emt 0:00:00]} d5 {[%emt 0:00:00]} 3. exd5 {[%emt 0:00:05]} Qxd5 {[%emt 0:00:00]} 4. d4 {[%emt 0:00:15]} Nc6 {[%emt 0:00:00]} 5. Nf3 {[%emt 0:00:16]} Bf5 {[%emt 0:00:01]} 6. Be3 {[%emt 0:00:55]} Nf6 {[%emt 0:01:02]} 7. Na3 {[%emt 0:01:57]} e6 {[%emt 0:08:50]} 8. Qa4 {[%emt 0:04:04]} cxd4 9. Nb5 {[%emt 0:22:24]} Qd7 {[%emt 0:14:16]} 10. Nbxd4 {[%emt 0:02:35]} Bd6 {normal} 0-1

[Event "DVM U20 2019"]
[Site "Braunschweig"]
[Date "2019.12.30"]
[Round "7"]
[White "Schamschurko, Andre"]
[Black "Biastoch, Bennet"]
[Result "1/2-1/2"]
[WhiteElo "1868"]
[BlackElo "2242"]
[Annotator "RC"]
[PlyCount "29"]
[EventDate "2019.12.27"]
[EventType "team-tourn"]
[EventRounds "7"]
[EventCountry "GER"]
[SourceTitle "playchess.com"]
[Source "ChessBase"]
[SourceQuality "1"]
[WhiteTeam "USV TU Dresden"]
[BlackTeam "SG Aufbau Elbe Magdeburg"]
[TimeControl "40/5400+30:1800+30"]

1. e4 {[%emt 0:00:00]} c5 {[%emt 0:00:00]} 2. Nc3 {[%emt 0:00:00]} Nc6 {[%emt 0:00:00]} 3. Bb5 {[%emt 0:00:00]} Nd4 {[%emt 0:00:13]} 4. Bc4 {[%emt 0:00:00]} a6 {[%emt 0:00:08]} 5. d3 {[%emt 0:00:20]} e6 {[%emt 0:05:01]} 6. Nge2 {[%emt 0:00:35]} b5 {[%emt 0:02:57]} 7. Bb3 {[%emt 0:00:45]} Nxb3 {[%emt 0:03:40]} 8. axb3 {[%emt 0:00:12]} Bb7 {[%emt 0:00:09]} 9. O-O {[%emt 0:03:16]} Nf6 {[%emt 0:01:41]} 10. f4 {[%emt 0:00:10]} d5 {[%emt 0:05:58]} 11. e5 {[%emt 0:04:24]} d4 {[%emt 0:01:46]} 12. exf6 {[%emt 0:03:41]} dxc3 {[%emt 0:00:07]} 13. f5 {[%emt 0:00:14]} Qxf6 {[%emt 0:20:47]} 14. fxe6 {[%emt 0:00:10]} cxb2 {[%emt 0:00:32]} 15. exf7+ {[%emt 0:00:05] normal} 1/2-1/2

[Event "DVM U20 2019"]
[Site "Braunschweig"]
[Date "2019.12.30"]
[Round "7"]
[White "Doepper, Anna Berenice"]
[Black "Vuckovic, Robert"]
[Result "1/2-1/2"]
[WhiteElo "1855"]
[BlackElo "1897"]
[Annotator "NA"]
[PlyCount "22"]
[EventDate "2019.12.27"]
[EventType "team-tourn"]
[EventRounds "7"]
[EventCountry "GER"]
[SourceTitle "playchess.com"]
[Source "ChessBase"]
[SourceQuality "1"]
[WhiteTeam "SF Essen-Katernberg"]
[BlackTeam "SF Augsburg"]
[TimeControl "40/5400+30:1800+30"]

1. e4 {[%emt 0:00:00]} c5 {[%emt 0:00:00]} 2. c3 {[%emt 0:00:00]} d5 {[%emt 0:00:39]} 3. exd5 {[%emt 0:00:00]} Qxd5 {[%emt 0:00:07]} 4. d4 g6 {[%emt 0:02:43]} 5. Nf3 {[%emt 0:00:00]} Bg7 {[%emt 0:00:10]} 6. Be3 {[%emt 0:00:00]} cxd4 {[%emt 0:02:14]} 7. Bxd4 {[%emt 0:00:46]} Nf6 {[%emt 0:12:16]} 8. Be2 {[%emt 0:01:08]} O-O {[%emt 0:01:47]} 9. Nbd2 {[%emt 0:01:39]} Nc6 {[%emt 0:25:52]} 10. Be3 Bf5 11. Nb3 {[%emt 0:12:25] unterminated} Rad8 $11 {[%emt 0:10:52] normal} 1/2-1/2

[Event "DVM U20 2019"]
[Site "Braunschweig"]
[Date "2019.12.30"]
[Round "7"]
[White "Düro, Liam"]
[Black "Verfuerth, Kevin"]
[Result "1/2-1/2"]
[WhiteElo "1841"]
[BlackElo "2038"]
[Annotator "NA RC"]
[PlyCount "42"]
[EventDate "2019.12.27"]
[EventType "team-tourn"]
[EventRounds "7"]
[EventCountry "GER"]
[SourceTitle "playchess.com"]
[Source "ChessBase"]
[SourceQuality "1"]
[WhiteTeam "SG Trier"]
[BlackTeam "SK Turm Kleve"]
[TimeControl "40/5400+30:1800+30"]

1. d4 {[%emt 0:00:00]} Nf6 {[%emt 0:00:00]} 2. c4 {[%emt 0:00:55]} e6 {[%emt 0:00:00]} 3. Nf3 {[%emt 0:00:08]} d5 {[%emt 0:00:00]} 4. Nc3 {[%emt 0:00:15]} Be7 {[%emt 0:00:00] unterminated} 5. Bf4 {[%emt 0:02:35] unterminated} O-O {[%emt 0:02:21]} 6. e3 {[%emt 0:01:07]} a6 {[%emt 0:01:42]} 7. Bd3 {[%emt 0:01:12]} dxc4 {[%emt 0:01:05]} 8. Bxc4 {[%emt 0:00:07]} b5 {[%emt 0:00:03]} 9. Bd3 {[%emt 0:00:15]} Bb7 {[%emt 0:00:07]} 10. O-O {[%emt 0:00:23]} c5 {[%emt 0:02:42]} 11. Qe2 {[%emt 0:11:08]} c4 {[%emt 0:02:49]} 12. Bc2 {[%emt 0:00:20]} Nd5 {[%emt 0:00:05]} 13. Nxd5 {[%emt 0:00:55] unterminated} exd5 {[%emt 0:00:46] unterminated} 14. Ne5 {[%emt 0:02:28] unterminated} Nc6 $11 {[%emt 0:03:06]} 15. Qh5 {[%emt 0:01:50]} g6 {[%emt 0:01:21]} 16. Nxg6 {[%emt 0:03:00]} fxg6 {[%emt 0:02:56]} 17. Bxg6 {[%emt 0:00:17]} hxg6 {[%emt 0:00:05]} 18. Qxg6+ {[%emt 0:00:08]} Kh8 {[%emt 0:00:03]} 19. Qh6+ {[%emt 0:06:58]} Kg8 {[%emt 0:00:01]} 20. Qg6+ {[%emt 0:00:02]} Kh8 {[%emt 0:00:16]} 21. Qh6+ {[%emt 0:00:04]} Kg8 {[%emt 0:00:01] normal} 1/2-1/2

[Event "DVM U20 2019"]
[Site "Braunschweig"]
[Date "2019.12.30"]
[Round "7"]
[White "Foo, Tzun Hong"]
[Black "Brockmeyer, Tobias"]
[Result "1/2-1/2"]
[WhiteElo "1829"]
[BlackElo "1902"]
[Annotator "NA"]
[PlyCount "84"]
[EventDate "2019.12.27"]
[EventType "team-tourn"]
[EventRounds "7"]
[EventCountry "GER"]
[SourceTitle "playchess.com"]
[Source "ChessBase"]
[SourceQuality "1"]
[WhiteTeam "Hamburger SK"]
[BlackTeam "SK Lehrte 1919"]
[TimeControl "40/5400+30:1800+30"]

1. e4 {[%emt 0:00:00]} e6 {[%emt 0:00:00]} 2. d4 {[%emt 0:00:00]} d5 {[%emt 0:00:00]} 3. exd5 {[%emt 0:00:00]} exd5 {[%emt 0:00:00]} 4. c4 {[%emt 0:00:00]} Bb4+ {[%emt 0:00:00]} 5. Nc3 {[%emt 0:00:07]} Nf6 {[%emt 0:00:01]} 6. Bd3 {[%emt 0:01:31] unterminated} Qe7+ {[%emt 0:00:47] unterminated} 7. Nge2 {[%emt 0:02:25] unterminated} O-O {[%emt 0:02:30]} 8. O-O {[%emt 0:02:19] unterminated} dxc4 {[%emt 0:03:13]} 9. Bxc4 {[%emt 0:00:10] unterminated} Nbd7 {[%emt 0:04:37] unterminated} 10. Ng3 {[%emt 0:12:23] unterminated} Nb6 {[%emt 0:03:47] unterminated} 11. Bd3 {[%emt 0:13:29] unterminated} c6 {[%emt 0:12:29] unterminated} 12. Bg5 {[%emt 0:13:43] unterminated} Qd6 $14 {[%emt 0:13:29]} 13. Nce4 {[%emt 0:10:31]} Nxe4 {[%emt 0:03:11]} 14. Nxe4 {[%emt 0:01:57]} Qd5 {[%emt 0:08:15]} 15. Qh5 {[%emt 0:06:08]} f5 {[%emt 0:02:05]} 16. Ng3 {[%emt 0:08:15]} Bd7 {[%emt 0:06:43]} 17. Qh4 {[%emt 0:10:59]} Rae8 {[%emt 0:03:24]} 18. a3 {[%emt 0:02:23]} Bd6 19. Rae1 {[%emt 0:03:32]} Kh8 {[%emt 0:11:00]} 20. Be7 {[%emt 0:01:46]} Bxe7 {[%emt 0:02:52]} 21. Rxe7 {[%emt 0:00:09]} Rxe7 {[%emt 0:01:15]} 22. Qxe7 {[%emt 0:00:08]} Qf7 {[%emt 0:04:58]} 23. Re1 {[%emt 0:02:20]} Qxe7 {[%emt 0:02:15]} 24. Rxe7 {[%emt 0:00:07]} g6 {[%emt 0:00:19]} 25. Ne2 {[%emt 0:04:49]} Re8 {[%emt 0:00:51]} 26. Rxe8+ {[%emt 0:00:06]} Bxe8 {[%emt 0:00:03]} 27. Nc3 {[%emt 0:01:59]} Kg7 {[%emt 0:03:07]} 28. Kf1 {[%emt 0:00:56]} Kf6 {[%emt 0:01:29]} 29. Ke2 {[%emt 0:00:31]} Bf7 {[%emt 0:01:32]} 30. Kd2 {[%emt 0:01:14]} Ke7 {[%emt 0:06:36]} 31. g3 {[%emt 0:00:25]} Bc4 {[%emt 0:01:35]} 32. Bc2 {[%emt 0:00:35]} Kd6 {[%emt 0:00:03]} 33. b3 {[%emt 0:00:32]} Bd5 {[%emt 0:01:45]} 34. Nxd5 {[%emt 0:00:46]} Nxd5 {[%emt 0:00:06]} 35. b4 {[%emt 0:00:41]} Nf6 {[%emt 0:00:28]} 36. f3 {[%emt 0:00:28]} Nh5 {[%emt 0:00:59]} 37. Ke3 {[%emt 0:00:26]} Ng7 {[%emt 0:00:43]} 38. h4 {[%emt 0:00:32]} Ne6 {[%emt 0:01:05]} 39. Bb3 {[%emt 0:00:21]} h6 {[%emt 0:01:06]} 40. Bc4 {[%emt 0:00:31]} Ke7 {[%emt 0:00:43]} 41. Bd3 {[%emt 0:03:24]} Nc7 {[%emt 0:06:26] normal} 42. h5 {[%emt 0:09:33] normal} Nd5+ {[%emt 0:02:39] normal} 1/2-1/2

[Event "DVM U20 2019"]
[Site "Braunschweig"]
[Date "2019.12.30"]
[Round "7"]
[White "Klenk, Sofie"]
[Black "Celik, Cem"]
[Result "1-0"]
[WhiteElo "1812"]
[BlackElo "1767"]
[Annotator "NA"]
[PlyCount "23"]
[EventDate "2019.12.27"]
[EventType "team-tourn"]
[EventRounds "7"]
[EventCountry "GER"]
[SourceTitle "playchess.com"]
[Source "ChessBase"]
[SourceQuality "1"]
[WhiteTeam "SF Augsburg"]
[BlackTeam "SF Essen-Katernberg"]
[TimeControl "40/5400+30:1800+30"]

1. e4 {[%emt 0:00:00]} e5 {[%emt 0:00:00]} 2. Nf3 {[%emt 0:00:00]} f5 {[%emt 0:00:00]} 3. Nc3 {[%emt 0:00:42]} Nc6 {[%emt 0:00:17]} 4. exf5 {[%emt 0:00:16]} Nf6 {[%emt 0:01:18]} 5. d4 {[%emt 0:01:37]} e4 {[%emt 0:01:46]} 6. Ne5 {[%emt 0:00:38]} d6 {[%emt 0:00:31]} 7. Nxc6 {[%emt 0:02:00]} bxc6 {[%emt 0:00:01]} 8. d5 {[%emt 0:14:56]} cxd5 {[%emt 0:07:48]} 9. Bb5+ {[%emt 0:03:18]} Bd7 10. Bxd7+ {[%emt 0:00:51]} Qxd7 {[%emt 0:00:36]} 11. Nxd5 {[%emt 0:00:35]} Qxf5 {[%emt 0:01:20]} 12. Nxc7+ {[%emt 0:01:18] normal} 1-0

[Event "DVM U20 2019"]
[Site "Braunschweig"]
[Date "2019.12.30"]
[Round "7"]
[White "Brüll, Elias"]
[Black "Seref, Erdogan"]
[Result "1/2-1/2"]
[WhiteElo "1797"]
[BlackElo "2003"]
[Annotator "NA"]
[PlyCount "42"]
[EventDate "2019.12.27"]
[EventType "team-tourn"]
[EventRounds "7"]
[EventCountry "GER"]
[SourceTitle "playchess.com"]
[Source "ChessBase"]
[SourceQuality "1"]
[WhiteTeam "SC Bavaria Regensburg"]
[BlackTeam "SF Brackel"]
[TimeControl "40/5400+30:1800+30"]

1. e4 {[%emt 0:00:00]} e5 {[%emt 0:00:00]} 2. Nf3 {[%emt 0:00:00]} Nc6 {[%emt 0:00:00]} 3. Bb5 {[%emt 0:00:00]} a6 {[%emt 0:00:00]} 4. Ba4 {[%emt 0:00:00]} Nf6 {[%emt 0:00:06]} 5. O-O {[%emt 0:00:00]} Be7 {[%emt 0:00:17]} 6. Re1 {[%emt 0:00:00]} b5 {[%emt 0:00:06]} 7. Bb3 {[%emt 0:00:02]} O-O {[%emt 0:00:05]} 8. d4 {[%emt 0:00:10]} d6 {[%emt 0:01:28]} 9. c3 {[%emt 0:00:05]} Bg4 {[%emt 0:00:06]} 10. Be3 {[%emt 0:00:04]} exd4 {[%emt 0:08:03]} 11. cxd4 {[%emt 0:00:08]} Na5 {[%emt 0:00:10]} 12. Bc2 {[%emt 0:00:17]} Nc4 {[%emt 0:00:07]} 13. Bc1 {[%emt 0:00:09]} c5 {[%emt 0:00:39]} 14. b3 {[%emt 0:00:21] unterminated} Nb6 {[%emt 0:00:15] unterminated} 15. Nbd2 {[%emt 0:01:15] unterminated} cxd4 {[%emt 0:09:06]} 16. h3 {[%emt 0:03:27] unterminated} Bh5 {[%emt 0:10:41]} 17. Bb2 {[%emt 0:00:31] unterminated} Nfd7 $14 {[%emt 0:05:58]} 18. g4 {[%emt 0:06:30]} Bg6 {[%emt 0:00:37]} 19. Nxd4 {[%emt 0:00:18]} Bg5 {[%emt 0:02:54]} 20. N2f3 {[%emt 0:06:24]} Bf4 {[%emt 0:01:14]} 21. Nf5 {[%emt 0:32:23]} Ne5 {[%emt 0:04:30] normal Übertragungsfehler, weitere Züge fehlen} 1/2-1/2